The case of the deadly toy.

Bibliographic Details
Main Author: Gardner, Erle Stanley, 1889-1970
Format: Book
Language:English
Published: New York : Morrow, [1959]

MARC

Tag First Indicator Second Indicator Subfields
LEADER 00000cam a2200000 4500
001 in00000690213
005 20170113101920.0
008 750709s1959 nyu 00001 eng u
010 |a  59005133  
035 |a (OCoLC)01437499 
035 |9 ACZ5146AM 
040 |c ORL  |d TXA  |d UtOrBLW 
049 |a TXAM  |c [420791] 
050 0 0 |a PZ3.G1714  |b Cahaf  |a PS3513.A6322 
090 |a PS3513.A6322  |b C3734 1959 
100 1 |a Gardner, Erle Stanley,  |d 1889-1970. 
245 1 4 |a The case of the deadly toy. 
264 1 |a New York :  |b Morrow,  |c [1959] 
300 |a 272 pages ;  |c 20 cm. 
336 |a text  |b txt  |2 rdacontent 
337 |a unmediated  |b n  |2 rdamedia 
338 |a volume  |b nc  |2 rdacarrier 
500 |a "An abridged version ... has been serialized in the Saturday evening post under the title, The case of the greedy grandpa." 
999 |a MARS 
999 f f |s 538b3005-95d7-399d-bcba-7e788f1dcfd6  |i a2e862b6-d38f-3ebb-994d-b4bc144fdecd  |t 0 
952 f f |p normal  |a Texas A&M University  |b College Station  |c Sterling C. Evans Library  |d Evans: Library Stacks  |t 0  |e PS3513.A6322 C3734 1959  |h Library of Congress classification  |i unmediated -- volume  |m A14804230484 
998 f f |a PS3513.A6322 C3734 1959  |t 0  |l Evans: Library Stacks